000 00649nam a2200205Ii 4500
003 JO-AjNU
008 230605s9999||||xx |||||||||||||| ||und||
040 _aJO-AjNU
_bara
_erda
_cJO-AjNU
041 _aara
050 1 4 _aBP178.S5
100 3 _aخان، صديق حسن,
_eauthor
_912976
245 0 0 _aالموعظة الحسنة بما يخطب في شهور السنة
250 _aط2
264 3 1 _aبيروت- دمشق: المكتب الاسلامي، د.ت
300 _a320ص
336 _atext
_btxt
_2rdacontent
337 _aunmediated
_bn
_2rdamedia
338 _avolume
_bnc
_2rdacarrier
650 4 _aالوعظ والارشاد
_912977
999 _aA3109
_c6677
_d6677